El día después del sinceramiento fiscal (Registro nro. 20135)

Detalles MARC
000 -LEADER
fixed length control field 00434 a2200145 4500
001 - CONTROL NUMBER
control field ART_45007
005 - DATE AND TIME OF LATEST TRANSACTION
control field 20260410161756.0
008 - FIXED-LENGTH DATA ELEMENTS--GENERAL INFORMATION
fixed length control field 260409a
100 1# - MAIN ENTRY--PERSONAL NAME
Personal name Gotlib, Gabriel
245 10 - TITLE STATEMENT
Title El día después del sinceramiento fiscal
700 1# - ADDED ENTRY--PERSONAL NAME
Personal name Castelli, María P.
700 1# - ADDED ENTRY--PERSONAL NAME
Personal name Ferreyra Fernández, Constanza E.
700 1# - ADDED ENTRY--PERSONAL NAME
Personal name Kaplún, Brian
773 0# - HOST ITEM ENTRY
Title Doctrina tributaria
Related parts - Nº 454 (ene. 2018)
Record control number REV4296

No hay ítems disponibles.